Severance Episodes - Statistics

General Stats
  • This quiz has been taken 45 times
  • The average score is 7 of 20
Answer Stats
Hint Answer % Correct
Type "Helly R." for free point :) Helly R.
98%
Season 1: Episode 4 The You You are
68%
Season 2: Episode 10 Cold Harbor
63%
Season 1: Episode 9 The We We are
60%
Season 2: Episode 1 Hello, Ms. Cobel
48%
Season 2: Episode 4 Woe's Hollow
45%
Season 2: Episode 2 Goodbye, Mrs. Selvig
43%
Season 2: Episode 7 Chickhai Bardo
35%
Season 1: Episode 1 Good News About Hell
30%
Season 2: Episode 8 Sweet Vitriol
30%
Season 1: Episode 8 What's for Dinner?
30%
Season 1: Episode 7 Defiant Jazz
28%
Season 2: Episode 9 The After Hours
28%
Season 2: Episode 6 Attila
25%
Season 1: Episode 5 The Grim Barbarity of Optics and Design
25%
Season 1: Episode 2 Half Loop
23%
Season 1: Episode 6 Hide and Seek
18%
Season 2: Episode 5 Trojan's Horse
18%
Season 2: Episode 3 Who is Alive?
18%
Season 1: Episode 3 In Perpetuity
13%
No matching quizzes found
Score Distribution
Percent of People with Each Score
Percentile by Number Answered
Your Score History
You have not taken this quiz